| 000 | 00741cam a22002533a 4500 | ||
|---|---|---|---|
| 001 | 27041 | ||
| 003 | PGUSA | ||
| 005 | 20140828083601.0 | ||
| 008 | 081026s2008||||xxu|||||s|||||000 | eng d | ||
| 040 |
_aPGUSA _beng |
||
| 042 | _adc | ||
| 050 | 4 | _aDC | |
| 050 | 4 | _aNA | |
| 100 | 1 | _aLebert, Marie | |
| 245 | 1 | 0 |
_aL'art roman dans le Sud-Manche _h[electronic resource] / _cMarie Lebert |
| 260 |
_bProject Gutenberg, _c2008 |
||
| 506 | _aCopyrighted. Read the copyright notice inside this book for details. | ||
| 516 | _aElectronic text | ||
| 653 | _aChurches -- France -- Manche | ||
| 653 | _aFrance -- Description and travel | ||
| 830 | 0 |
_aProject Gutenberg _v27041 |
|
| 856 | 4 | 0 | _uhttp://www.gutenberg.org/ebooks/27041 |
| 942 | _cEB | ||
| 999 |
_c256296 _d256296 |
||